000 00316nam a22001337a 4500
008 181203b xxu||||| |||| 00| 0 eng d
020 _a9780136015185
041 _aeng
080 _211 TH
_a330.722
100 _a61
101 _aKON
245 _aAccouting Informations Systems
_cRomney.M.B
942 _2udc
_cBK
999 _c52714
_d52714